Soal jawab Peperiksaan Am Kerajaan
| Main Author: | |
|---|---|
| Published: |
Petaling Jaya:
Fajar Bakti,
1990.
|
| Subjects: |
| LEADER | 00501cam a2200157 7i4500 | ||
|---|---|---|---|
| 001 | 0000005477 | ||
| 005 | 20061205090000.0 | ||
| 020 | 0 | 0 | |a 9676514667 |
| 090 | 0 | 0 | |a JQ 716 Z13 |b Y4 |
| 100 | 1 | 0 | |a Yee |
| 245 | 1 | 0 | |a Soal jawab Peperiksaan Am Kerajaan |c Tang Chee Yee. |
| 260 | 0 | 0 | |a Petaling Jaya: |b Fajar Bakti, |c 1990. |
| 300 | # | # | |a 223 p.; |c 22 cm.. |
| 650 | 0 | 0 | |a Civil service -- |x Questions -- |z Malaysia |
| 650 | 0 | 0 | |a Civil service -- |x Examinations -- |z Malaysia |
| 999 | |a 1000391600 |b Book |c Open Shelf |e KOLEKSI TERBUKA | ||


